<?xml version="1.0" encoding="UTF-8"?>
<record
    xmlns:xsi="http://www.w3.org/2001/XMLSchema-instance"
    xsi:schemaLocation="http://www.loc.gov/MARC21/slim http://www.loc.gov/standards/marcxml/schema/MARC21slim.xsd"
    xmlns="http://www.loc.gov/MARC21/slim">

  <leader>01189nam a22002537a 4500</leader>
  <controlfield tag="005">20170124103206.0</controlfield>
  <datafield tag="010" ind1=" " ind2=" ">
    <subfield code="a">A-835917</subfield>
  </datafield>
  <datafield tag="020" ind1=" " ind2=" ">
    <subfield code="c">183.00</subfield>
    <subfield code="a">8171372066</subfield>
  </datafield>
  <datafield tag="035" ind1=" " ind2=" ">
    <subfield code="a">A-835917</subfield>
  </datafield>
  <datafield tag="037" ind1=" " ind2=" ">
    <subfield code="b">Cen Lib/Ret</subfield>
  </datafield>
  <datafield tag="040" ind1=" " ind2=" ">
    <subfield code="a">DPL</subfield>
    <subfield code="b">HN</subfield>
  </datafield>
  <datafield tag="082" ind1=" " ind2=" ">
    <subfield code="a">954</subfield>
    <subfield code="b">&#x92D;&#x93E;&#x930;&#x94D;&#x917;&#x935; </subfield>
  </datafield>
  <datafield tag="100" ind1=" " ind2=" ">
    <subfield code="a">&#x92D;&#x93E;&#x930;&#x94D;&#x917;&#x935;, &#x935;&#x940;.&#x90F;&#x938;.</subfield>
    <subfield code="9">93854</subfield>
  </datafield>
  <datafield tag="245" ind1=" " ind2=" ">
    <subfield code="a">&#x92D;&#x93E;&#x930;&#x924;&#x940;&#x92F; &#x907;&#x924;&#x93F;&#x939;&#x93E;&#x938; :</subfield>
    <subfield code="c">&#x935;&#x940;.&#x90F;&#x938;.&#x92D;&#x93E;&#x930;&#x94D;&#x917;&#x935;</subfield>
    <subfield code="b">&#x92A;&#x94D;&#x930;&#x93E;&#x91A;&#x940;&#x928; &#x915;&#x93E;&#x932; &#x938;&#x947; 1757 &#x908;&#x938;&#x935;&#x940; &#x924;&#x915; /</subfield>
  </datafield>
  <datafield tag="246" ind1=" " ind2=" ">
    <subfield code="a">Bharteey itihas : pracheen kal se 1757 isvee tak /</subfield>
    <subfield code="b">by V.S.Bhargav </subfield>
  </datafield>
  <datafield tag="260" ind1=" " ind2=" ">
    <subfield code="b">&#x930;&#x93E;&#x91C;&#x938;&#x94D;&#x925;&#x93E;&#x928; &#x939;&#x93F;&#x928;&#x94D;&#x926;&#x940; &#x917;&#x94D;&#x930;&#x928;&#x94D;&#x925; &#x905;&#x915;&#x93E;&#x926;&#x92E;&#x940; </subfield>
    <subfield code="c">1996</subfield>
    <subfield code="a">&#x91C;&#x92F;&#x92A;&#x941;&#x930; </subfield>
  </datafield>
  <datafield tag="270" ind1=" " ind2=" ">
    <subfield code="a">&#x90F;-26/2, &#x935;&#x93F;&#x926;&#x94D;&#x92F;&#x93E;&#x932;&#x92F; &#x92E;&#x93E;&#x930;&#x94D;&#x917;, &#x924;&#x93F;&#x932;&#x915; &#x928;&#x917;&#x930; </subfield>
    <subfield code="b">&#x91C;&#x92F;&#x92A;&#x941;&#x930; </subfield>
    <subfield code="e">302 004</subfield>
  </datafield>
  <datafield tag="300" ind1=" " ind2=" ">
    <subfield code="a">xiii,482&#x92A;&#x943;. </subfield>
    <subfield code="c">20&#x938;&#x947;&#x92E;&#x940;(&#x938;&#x91C;&#x93F;&#x932;&#x94D;&#x926;)</subfield>
  </datafield>
  <datafield tag="650" ind1=" " ind2=" ">
    <subfield code="a">&#x92D;&#x93E;&#x930;&#x924; -- &#x907;&#x924;&#x93F;&#x939;&#x93E;&#x938; </subfield>
    <subfield code="9">3679</subfield>
  </datafield>
  <datafield tag="650" ind1=" " ind2=" ">
    <subfield code="a">&#x92D;&#x93E;&#x930;&#x924; -- &#x938;&#x92D;&#x94D;&#x92F;&#x924;&#x93E; &#x914;&#x930; &#x938;&#x902;&#x938;&#x94D;&#x915;&#x943;&#x924;&#x93F; </subfield>
    <subfield code="9">80765</subfield>
  </datafield>
  <datafield tag="650" ind1=" " ind2=" ">
    <subfield code="a">India - History</subfield>
    <subfield code="9">24174</subfield>
  </datafield>
  <datafield tag="650" ind1=" " ind2=" ">
    <subfield code="a">India - Civilization and Culture</subfield>
    <subfield code="9">93855</subfield>
  </datafield>
  <datafield tag="942" ind1=" " ind2=" ">
    <subfield code="2">ddc</subfield>
    <subfield code="c">HN</subfield>
    <subfield code="h">954</subfield>
    <subfield code="m">&#x92D;&#x93E;&#x930;&#x94D;&#x917;&#x935; </subfield>
  </datafield>
  <datafield tag="999" ind1=" " ind2=" ">
    <subfield code="c">121002</subfield>
    <subfield code="d">121002</subfield>
  </datafield>
  <datafield tag="952" ind1=" " ind2=" ">
    <subfield code="0">0</subfield>
    <subfield code="1">0</subfield>
    <subfield code="4">0</subfield>
    <subfield code="7">0</subfield>
    <subfield code="a">L</subfield>
    <subfield code="b">L</subfield>
    <subfield code="d">2015-09-30</subfield>
    <subfield code="e">Cen Lib/Ret</subfield>
    <subfield code="g">183.00</subfield>
    <subfield code="l">0</subfield>
    <subfield code="o">954 &#x92D;&#x93E;&#x930;&#x94D;&#x917;&#x935;</subfield>
    <subfield code="p">A-835917</subfield>
    <subfield code="r">2015-09-30 00:00:00</subfield>
    <subfield code="t">1</subfield>
    <subfield code="v">183.00</subfield>
    <subfield code="w">2015-09-30</subfield>
    <subfield code="y">HN</subfield>
  </datafield>
</record>
